[Event "Pilsen Open 2025 - A INGEM GM Round Robi"]
[Site "Parkhotel Plzen ****, Plzen"]
[Date "2025.03.19"]
[Round "6.1"]
[White "Neuman, Petr"]
[Black "Mattenberger, Matthias"]
[Result "1-0"]
[WhiteElo "2421"]
[BlackElo "2338"]
[PlyCount "131"]
[EventDate "2025.03.15"]

1. e4 c5 2. Nf3 d6 3. c3 Nf6 4. Be2 Bd7 5. e5 Ng4 6. exd6 exd6 7. d4 Be7 8. O-O
O-O 9. Na3 Nf6 10. dxc5 dxc5 11. Ne5 Be6 12. Bf3 Qc8 13. Bf4 Rd8 14. Qe2 Bd5
15. Rad1 Bxf3 16. Qxf3 Nbd7 17. Nxd7 Rxd7 18. Rxd7 Qxd7 19. Rd1 Qg4 20. Qxg4
Nxg4 21. Rd7 Rd8 22. Rxd8+ Bxd8 23. Bd6 b6 24. Nb5 a6 25. Na7 Nf6 26. Nc6 Ne4
27. Bf4 g5 28. Bb8 Bf6 29. Ba7 Nd6 30. Bxb6 Nc4 31. Bxc5 Nxb2 32. Bd4 Kg7 33.
Kf1 Na4 34. Ne5 Nb2 35. Ke2 Bxe5 36. Bxe5+ Kg6 37. g4 f5 38. f3 f4 39. Bd4 h5
40. h3 hxg4 41. hxg4 Kf7 42. Kd2 Ke6 43. Kc2 Nc4 44. Kd3 Nb2+ 45. Kc2 Nc4 46.
Bg7 Kf7 47. Bh8 Ke6 48. Kd3 Nd6 49. c4 Nf7 50. Bg7 Nd8 51. Ke4 Kf7 52. Bc3 Ke6
53. Kd4 Nb7 54. Bb4 Nd8 55. Kc5 Nf7 56. Bc3 Nd6 57. a4 Nc8 58. Ba5 Kd7 59. Bb4
Kc7 60. Kd4 Kd7 61. Bc5 a5 62. Kd5 Kc7 63. Bd4 Kd7 64. Kc5 Ke6 65. Bc3 Nd6 66.
Bxa5 1-0

[Event "Pilsen Open 2025 - A INGEM GM Round Robi"]
[Site "Parkhotel Plzen ****, Plzen"]
[Date "2025.03.19"]
[Round "6.2"]
[White "Song, Yuxin"]
[Black "Otsuka, Shou"]
[Result "1/2-1/2"]
[WhiteElo "2367"]
[BlackElo "2323"]
[PlyCount "119"]
[EventDate "2025.03.15"]

1. e4 e5 2. Nf3 Nc6 3. d4 exd4 4. Nxd4 Nf6 5. Nxc6 bxc6 6. Nd2 d5 7. exd5 cxd5
8. Bb5+ Bd7 9. Bxd7+ Qxd7 10. O-O Be7 11. b3 O-O 12. Bb2 c5 13. Qf3 Rad8 14.
Rad1 Ne8 15. Nc4 Nc7 16. Rfe1 Ne6 17. Qg4 d4 18. Bc1 Rfe8 19. Ne5 Qd5 20. c4
Qd6 21. Qh5 Rf8 22. Rd3 f6 23. Ng4 f5 24. Ne5 Bf6 25. f4 g6 26. Qf3 Ng5 27. Qb7
Ne4 28. Rh3 Qe7 29. Qxe7 Bxe7 30. Nc6 Rd7 31. Nxe7+ Rxe7 32. Bd2 Rfe8 33. Rd3
Re6 34. Re2 Kf7 35. b4 Ra6 36. Be1 Ra4 37. Kf1 a5 38. bxc5 Rxc4 39. Bxa5 Rxc5
40. Be1 Rc4 41. g3 Ke6 42. Kg2 Kd5 43. Bf2 Ra8 44. Bg1 Raa4 45. Rb2 Rc3 46. Rd1
d3 47. Kf3 Kc4 48. Rb7 Rxa2 49. Rxh7 Kb3 50. Be3 Ra3 51. Rb7+ Kc4 52. Bd2 Rc2
53. Rb4+ Kd5 54. Ke3 Rc4 55. Rxc4 Kxc4 56. Rc1+ Kd5 57. Rc8 Nxd2 58. Rd8+ Kc4
59. Rc8+ Kd5 60. Rd8+ 1/2-1/2

[Event "Pilsen Open 2025 - A INGEM GM Round Robi"]
[Site "Parkhotel Plzen ****, Plzen"]
[Date "2025.03.19"]
[Round "6.3"]
[White "Pacher, Milan"]
[Black "Kuegel, Tobias"]
[Result "1-0"]
[WhiteElo "2336"]
[BlackElo "2409"]
[PlyCount "101"]
[EventDate "2025.03.15"]

1. e4 e6 2. d4 d5 3. Nd2 c5 4. Ngf3 cxd4 5. Nxd4 Nc6 6. Bb5 Bd7 7. Nxc6 bxc6 8.
Bd3 Bd6 9. O-O Qc7 10. Nf3 Nf6 11. exd5 cxd5 12. Re1 O-O 13. Bg5 Ng4 14. h3 Ne5
15. Nxe5 Bxe5 16. c3 Rab8 17. Qd2 Bh2+ 18. Kh1 Bd6 19. Rad1 Rfc8 20. Bb1 a5 21.
Qc2 g6 22. Bf6 Qb6 23. Rd2 Bf4 24. b3 a4 25. Rd4 axb3 26. axb3 e5 27. Bxe5 Bf5
28. Qe2 Bxe5 29. Qxe5 Bxb1 30. Rb4 Qa7 31. Rxb8 Qxb8 32. Qxb8 Rxb8 33. Rxb1 Rc8
34. b4 Rxc3 35. b5 Kf8 36. b6 Rc8 37. Kh2 Ke7 38. Kg3 Kd6 39. Kf4 f6 40. Ke3
Rb8 41. b7 Kc5 42. f4 g5 43. fxg5 fxg5 44. g4 Re8+ 45. Kd3 Rb8 46. Rb2 h6 47.
Rb1 d4 48. Rb2 Kd5 49. Rb4 Kc5 50. Rc4+ Kb5 51. Rc1 1-0

[Event "Pilsen Open 2025 - A INGEM GM Round Robi"]
[Site "Parkhotel Plzen ****, Plzen"]
[Date "2025.03.19"]
[Round "6.4"]
[White "Zhao, Yuanhe"]
[Black "Petr, Martin"]
[Result "1/2-1/2"]
[WhiteElo "2466"]
[BlackElo "2474"]
[PlyCount "44"]
[EventDate "2025.03.15"]

1. Nf3 d5 2. e3 Nf6 3. c4 e6 4. Nc3 b6 5. cxd5 exd5 6. g3 Bd6 7. Bg2 O-O 8. O-O
Bb7 9. b3 Nbd7 10. Bb2 Re8 11. Re1 a6 12. Rc1 Rc8 13. Re2 Qe7 14. d3 Ba3 15.
Bxa3 Qxa3 16. Rec2 c5 17. d4 c4 18. Nd2 cxb3 19. Nxb3 Qd6 20. Qd3 g6 21. a4 Kg7
22. a5 b5 1/2-1/2

[Event "Pilsen Open 2025 - A INGEM GM Round Robi"]
[Site "Parkhotel Plzen ****, Plzen"]
[Date "2025.03.19"]
[Round "6.5"]
[White "Krishna, C."]
[Black "Vivaan, Vishal Shah"]
[Result "1/2-1/2"]
[WhiteElo "2418"]
[BlackElo "2429"]
[PlyCount "44"]
[EventDate "2025.03.15"]

1. Nf3 Nf6 2. g3 g6 3. b3 Bg7 4. Bb2 O-O 5. Bg2 c5 6. O-O d6 7. c4 e5 8. d3 Nc6
9. Nc3 Rb8 10. Nd2 Ne8 11. a3 a5 12. Nd5 Nc7 13. Nxc7 Qxc7 14. Ne4 b5 15. Nc3
bxc4 16. dxc4 Nd4 17. Ra2 Bf5 18. Nd5 Qd7 19. Bc3 Nxb3 20. a4 Nd4 21. Bxa5 Nc6
22. Bc3 Nb4 1/2-1/2

[Event "Pilsen Open 2025 - A INGEM GM Round Robi"]
[Site "Parkhotel Plzen ****, Plzen"]
[Date "2025.03.20"]
[Round "7.1"]
[White "Vivaan, Vishal Shah"]
[Black "Neuman, Petr"]
[Result "1/2-1/2"]
[WhiteElo "2429"]
[BlackElo "2421"]
[PlyCount "48"]
[EventDate "2025.03.15"]

1. e4 c5 2. Nf3 Nc6 3. d4 cxd4 4. Nxd4 Nf6 5. Nc3 e5 6. Ndb5 d6 7. Nd5 Nxd5 8.
exd5 Nb8 9. a4 Be7 10. Be2 O-O 11. O-O Nd7 12. Bd2 a6 13. Na3 a5 14. Nb5 Nc5
15. b4 axb4 16. Bxb4 b6 17. Bxc5 bxc5 18. Bd3 f5 19. f3 Bd7 20. c4 Qa5 21. Qe1
Qxe1 22. Rfxe1 Ra6 23. Nc7 Ra7 24. Nb5 Ra6 1/2-1/2

[Event "Pilsen Open 2025 - A INGEM GM Round Robi"]
[Site "Parkhotel Plzen ****, Plzen"]
[Date "2025.03.20"]
[Round "7.2"]
[White "Petr, Martin"]
[Black "Krishna, C."]
[Result "0-1"]
[WhiteElo "2474"]
[BlackElo "2418"]
[PlyCount "118"]
[EventDate "2025.03.15"]

1. e4 e6 2. d4 d5 3. Nd2 Nf6 4. e5 Nfd7 5. f4 c5 6. c3 Nc6 7. Ndf3 a5 8. Bd3 a4
9. Ne2 Nb6 10. O-O Bd7 11. Be3 Na5 12. Nd2 Qc7 13. a3 Nac4 14. Nxc4 dxc4 15.
Be4 Bc6 16. Qc2 Bxe4 17. Qxe4 g6 18. Rad1 Nd5 19. Bf2 O-O-O 20. Rd2 Rd7 21.
Rfd1 Be7 22. Kf1 Rhd8 23. Ke1 Qc6 24. dxc5 Bxc5 25. Bxc5 Qxc5 26. Rd4 Nb6 27.
Rxd7 Rxd7 28. Nd4 Nd5 29. Ke2 Qb6 30. Rd2 Nc7 31. Qc2 Qa7 32. g3 Nd5 33. Qe4
Qb6 34. Nf3 Kd8 35. Qd4 Qc6 36. Qa7 Nb6 37. Qb8+ Nc8 38. Rxd7+ Kxd7 39. Nd2 Qb5
40. Ne4 Qxb2+ 41. Kf3 Qb6 42. Kg4 h6 43. h4 Qa7 44. Qxa7 Nxa7 45. Nd6 Kc6 46.
Kf3 f5 47. Ke3 Nb5 48. Nxb5 Kxb5 49. h5 gxh5 50. Kd4 b6 51. Ke3 Kc5 52. Kf3 Kd5
53. Ke3 b5 54. Kf3 b4 55. cxb4 Kd4 56. Ke2 Ke4 57. Kd2 h4 58. gxh4 Kxf4 59. Kc3
Ke4 0-1

[Event "Pilsen Open 2025 - A INGEM GM Round Robi"]
[Site "Parkhotel Plzen ****, Plzen"]
[Date "2025.03.20"]
[Round "7.3"]
[White "Kuegel, Tobias"]
[Black "Zhao, Yuanhe"]
[Result "0-1"]
[WhiteElo "2409"]
[BlackElo "2466"]
[PlyCount "88"]
[EventDate "2025.03.15"]

1. e4 c5 2. Nf3 e6 3. d4 cxd4 4. Nxd4 Nc6 5. Nc3 Qc7 6. Be3 a6 7. Qf3 h5 8.
Nxc6 bxc6 9. Be2 Bd6 10. O-O-O Rb8 11. Bd4 f6 12. Ba7 Rb7 13. Be3 Rb8 14. Ba7
Bf4+ 15. Kb1 Rb7 16. Bxa6 Rxa7 17. Bxc8 Qb8 18. Rxd7 Rxd7 19. Bxd7+ Kxd7 20.
Rd1+ Ke7 21. Qd3 Kf7 22. g3 Be5 23. f4 Bxc3 24. Qxc3 Ne7 25. Rd7 Rd8 26. Rxd8
Qxd8 27. a4 Qd1+ 28. Ka2 Qe2 29. Qd3 Qxd3 30. cxd3 Nc8 31. Kb3 Ke7 32. e5 fxe5
33. fxe5 Kd7 34. Kb4 Kc7 35. a5 g5 36. h4 gxh4 37. gxh4 Ne7 38. Kc5 Nf5 39. a6
Nxh4 40. a7 Kb7 41. Kd6 Ng6 42. Kxe6 h4 43. Kf5 Nxe5 44. d4 h3 0-1

[Event "Pilsen Open 2025 - A INGEM GM Round Robi"]
[Site "Parkhotel Plzen ****, Plzen"]
[Date "2025.03.20"]
[Round "7.4"]
[White "Otsuka, Shou"]
[Black "Pacher, Milan"]
[Result "1/2-1/2"]
[WhiteElo "2323"]
[BlackElo "2336"]
[PlyCount "47"]
[EventDate "2025.03.15"]

1. e4 e5 2. Nf3 Nf6 3. Nxe5 Nxe4 4. Qe2 Qe7 5. Qxe4 d6 6. d4 dxe5 7. dxe5 Nc6
8. Nc3 Qxe5 9. Qxe5+ Nxe5 10. Nb5 Bb4+ 11. c3 Ba5 12. a4 a6 13. Nd4 Bb6 14. Bf4
Bxd4 15. cxd4 Nc6 16. Bxc7 Nxd4 17. Rd1 Nc6 18. Bc4 O-O 19. O-O Bf5 20. Rd2
Rac8 21. Bf4 Na5 22. Bd5 b5 23. Rd4 Nc6 24. Bxc6 1/2-1/2

[Event "Pilsen Open 2025 - A INGEM GM Round Robi"]
[Site "Parkhotel Plzen ****, Plzen"]
[Date "2025.03.20"]
[Round "7.5"]
[White "Mattenberger, Matthias"]
[Black "Song, Yuxin"]
[Result "0-1"]
[WhiteElo "2338"]
[BlackElo "2367"]
[PlyCount "84"]
[EventDate "2025.03.15"]

1. d4 Nf6 2. c4 e6 3. Nc3 Bb4 4. a3 Bxc3+ 5. bxc3 c5 6. e3 b6 7. Bd3 Bb7 8. f3
Nc6 9. Ne2 O-O 10. e4 Ne8 11. O-O Ba6 12. Be3 Nd6 13. dxc5 Nxc4 14. Bxc4 Bxc4
15. Rf2 Qe7 16. Qd6 Qxd6 17. cxd6 Bxe2 18. Rxe2 Rac8 19. f4 Na5 20. Bd4 Rc4 21.
Rb2 Nc6 22. Rd2 f6 23. e5 fxe5 24. fxe5 Ra4 25. h3 h5 26. Kh2 Kh7 27. Re2 g5
28. g3 Kg6 29. Rd2 g4 30. hxg4 hxg4 31. Re2 Rf3 32. Raa2 Kf5 33. Ra1 Nxd4 34.
cxd4 Rxd4 35. Rc1 Re4 36. Rxe4 Kxe4 37. Rc7 Rxa3 38. Rxd7 Kxe5 39. Rd8 Rd3 40.
d7 a5 41. Rb8 Rxd7 42. Rxb6 Ra7 0-1

[Event "Pilsen Open 2025 - A INGEM GM Round Robi"]
[Site "Parkhotel Plzen ****, Plzen"]
[Date "2025.03.21"]
[Round "8.2"]
[White "Pacher, Milan"]
[Black "Mattenberger, Matthias"]
[Result "1-0"]
[WhiteElo "2336"]
[BlackElo "2338"]
[PlyCount "83"]
[EventDate "2025.03.15"]

1. c4 e5 2. g3 Nf6 3. Bg2 d5 4. cxd5 Nxd5 5. Nc3 Nxc3 6. bxc3 Nc6 7. d3 Bc5 8.
Bxc6+ bxc6 9. Qa4 Bd7 10. Nf3 Qe7 11. O-O O-O 12. Bg5 f6 13. Be3 Bxe3 14. fxe3
Qc5 15. Kf2 Qd6 16. d4 Kh8 17. Qa5 Rfe8 18. dxe5 fxe5 19. Rad1 Qe7 20. Qxc7 Bh3
21. Qxe7 Rxe7 22. Rfe1 e4 23. Ng5 Bf5 24. Kg2 h6 25. Rf1 Bg4 26. Rf7 Ree8 27.
Rf4 Bxe2 28. Nf7+ Kg8 29. Rd7 Bf3+ 30. Kh3 Re6 31. g4 a5 32. g5 hxg5 33. Nxg5
Rg6 34. Rf5 Rf8 35. Rxa5 Be2 36. a4 Rf3+ 37. Kg2 Bf1+ 38. Kg1 Rf8 39. h4 Rh6
40. Raa7 Rxh4 41. Rxg7+ Kh8 42. Rgf7 1-0

[Event "Pilsen Open 2025 - A INGEM GM Round Robi"]
[Site "Parkhotel Plzen ****, Plzen"]
[Date "2025.03.21"]
[Round "8.3"]
[White "Zhao, Yuanhe"]
[Black "Otsuka, Shou"]
[Result "1-0"]
[WhiteElo "2466"]
[BlackElo "2323"]
[PlyCount "113"]
[EventDate "2025.03.15"]

1. d4 Nf6 2. Bf4 d5 3. e3 c5 4. dxc5 e6 5. b4 a5 6. c3 Bd7 7. Nd2 axb4 8. cxb4
b6 9. cxb6 Bxb4 10. Bc7 Qe7 11. Ngf3 O-O 12. Be2 Bd6 13. Qc1 Nc6 14. Bxd6 Qxd6
15. Qb2 Rfb8 16. Rb1 Bc8 17. O-O Nd7 18. Qc2 Nb4 19. Qc7 Qxb6 20. Qf4 Rxa2 21.
Rfc1 Ba6 22. Bxa6 Rxa6 23. Rxb4 Qxb4 24. Rc8+ Rxc8 25. Qxb4 Ra1+ 26. Nf1 g6 27.
g3 Nc5 28. Qc3 Raa8 29. N1d2 Ne4 30. Qb2 Nc3 31. Kg2 Rc7 32. Qb6 Rac8 33. Qd6
Nd1 34. g4 Rc2 35. h4 h6 36. Qf4 Kg7 37. g5 h5 38. Qd4+ Kg8 39. Ne5 R8c7 40.
Ne4 Nxe3+ 41. Qxe3 dxe4 42. Qxe4 R2c5 43. Nxg6 Rc4 44. Qa8+ Kg7 45. Ne5 Rf4 46.
Qa1 Kg8 47. Kg3 Rb4 48. Qa8+ Kg7 49. Qd8 Rbb7 50. Qf6+ Kg8 51. f3 Rc5 52. Qd8+
Kg7 53. Nd7 Rxd7 54. Qxd7 Rf5 55. Qd4+ Kg8 56. f4 Kh7 57. Qa1 1-0

[Event "Pilsen Open 2025 - A INGEM GM Round Robi"]
[Site "Parkhotel Plzen ****, Plzen"]
[Date "2025.03.21"]
[Round "8.4"]
[White "Krishna, C."]
[Black "Kuegel, Tobias"]
[Result "1/2-1/2"]
[WhiteElo "2418"]
[BlackElo "2409"]
[PlyCount "148"]
[EventDate "2025.03.15"]

1. d4 d5 2. c4 e6 3. Nf3 Nf6 4. e3 c5 5. cxd5 exd5 6. Bb5+ Nc6 7. O-O cxd4 8.
Nxd4 Bd7 9. Nf3 Bd6 10. e4 dxe4 11. Qxd6 exf3 12. Bxc6 Bxc6 13. Re1+ Ne4 14.
Qc5 Qd3 15. Bf4 O-O-O 16. Qxa7 Qd4 17. Qb8+ Kd7 18. Qc7+ Ke6 19. Bg3 Rd7 20.
Qf4 Qxb2 21. Nc3 Qxc3 22. Rac1 g5 23. Qxg5 f6 24. Qh5 Qd3 25. gxf3 Rd5 26. Qg4+
Kf7 27. Rxe4 h5 28. Qe6+ Kg6 29. Rf4 Rf5 30. Qe3 Rd8 31. h4 Bxf3 32. Qxd3 Rxd3
33. Kh2 Rxf4 34. Bxf4 Bd5 35. Rc7 Ra3 36. Rd7 Bc6 37. Rd2 Ra4 38. Kg3 Kf5 39.
Bd6 Rg4+ 40. Kh3 Rg1 41. Rd3 Ke4 42. Re3+ Kd5 43. Bc7 Rc1 44. Kg3 Rg1+ 45. Kh3
Rg4 46. f3 Rg1 47. Bd8 f5 48. Bc7 Kc4 49. a3 Rg6 50. Bf4 Kd4 51. Kh2 Bd5 52.
Kh3 b6 53. Kh2 b5 54. Kh3 Ra6 55. Kg3 Bc4 56. Kf2 Bd3 57. Be5+ Kc4 58. Kg3 Rxa3
59. Kf4 b4 60. Kg5 b3 61. f4 Ra2 62. Kxh5 b2 63. Bxb2 Rxb2 64. Rg3 Be4 65. Kg5
Rb8 66. Kf6 Rh8 67. Rh3 Kd4 68. h5 Bg2 69. Rh2 Ke4 70. h6 Kxf4 71. Kg7 Rxh6 72.
Rxh6 Ke3 73. Rf6 f4 74. Rxf4 Kxf4 1/2-1/2

[Event "Pilsen Open 2025 - A INGEM GM Round Robi"]
[Site "Parkhotel Plzen ****, Plzen"]
[Date "2025.03.21"]
[Round "8.5"]
[White "Vivaan, Vishal Shah"]
[Black "Petr, Martin"]
[Result "1/2-1/2"]
[WhiteElo "2429"]
[BlackElo "2474"]
[PlyCount "85"]
[EventDate "2025.03.15"]

1. e4 e6 2. d4 d5 3. Nc3 Nf6 4. e5 Nfd7 5. f4 c5 6. Nf3 Nc6 7. Be3 cxd4 8. Nxd4
Qb6 9. Qd2 Qxb2 10. Rb1 Qa3 11. Bb5 Nxd4 12. Bxd4 a6 13. Bxd7+ Bxd7 14. Rb3 Qe7
15. Rxb7 Qd8 16. Bb6 Qc8 17. Rc7 Qd8 18. Rb7 Qc8 19. Rc7 Qd8 20. Qd4 Ba3 21.
Ra7 Qc8 22. Rxa8 Qxa8 23. Bc5 Bxc5 24. Qxc5 Qc6 25. Qxc6 Bxc6 26. Ne2 Kd7 27.
Kd2 Rb8 28. Kc3 Kc7 29. Nd4 Bd7 30. h4 h5 31. Rf1 g6 32. g3 a5 33. Nb3 Bb5 34.
Rc1 Kb6 35. Rb1 Rc8+ 36. Kd2 Rc4 37. c3 Ba6 38. Nd4+ Kc7 39. Kc2 Ra4 40. Kb2
Rc4 41. Kc2 Ra4 42. Kb3 Rc4 43. Kc2 1/2-1/2

[Event "Pilsen Open 2025 - A INGEM GM Round Robi"]
[Site "Parkhotel Plzen ****, Plzen"]
[Date "2025.03.22"]
[Round "9.2"]
[White "Kuegel, Tobias"]
[Black "Vivaan, Vishal Shah"]
[Result "1/2-1/2"]
[WhiteElo "2409"]
[BlackElo "2429"]
[PlyCount "77"]
[EventDate "2025.03.15"]

1. e4 c5 2. Nf3 d6 3. d4 cxd4 4. Qxd4 Nc6 5. Bb5 a6 6. Bxc6+ bxc6 7. O-O e5 8.
Qa4 Qc7 9. c4 Nf6 10. Nc3 Bd7 11. Bg5 Be7 12. c5 dxc5 13. Rad1 O-O 14. Nxe5
Qxe5 15. Bxf6 Bxf6 16. Rxd7 Qe6 17. Rc7 Rfc8 18. Rxc8+ Qxc8 19. Qc4 Bd4 20. Na4
Qf8 21. b4 Qe7 22. Nxc5 Rd8 23. Qxa6 Bxc5 24. bxc5 Qxc5 25. g3 g6 26. Qe2 Qc3
27. e5 Rd2 28. Qe1 Rc2 29. Qa1 Qc4 30. e6 Qxe6 31. Rd1 f6 32. a4 Ra2 33. Qd4
Qd5 34. Qg4 f5 35. Rxd5 fxg4 36. Rd4 h5 37. Rd6 Kf7 38. Rxc6 Rxa4 39. Kg2
1/2-1/2

[Event "Pilsen Open 2025 - A INGEM GM Round Robi"]
[Site "Parkhotel Plzen ****, Plzen"]
[Date "2025.03.22"]
[Round "9.3"]
[White "Otsuka, Shou"]
[Black "Krishna, C."]
[Result "0-1"]
[WhiteElo "2323"]
[BlackElo "2418"]
[PlyCount "92"]
[EventDate "2025.03.15"]

1. e4 e6 2. d4 d5 3. exd5 exd5 4. Nf3 Nf6 5. Bd3 Bd6 6. O-O O-O 7. Bg5 Bg4 8.
Nbd2 Nbd7 9. c4 h6 10. Bh4 dxc4 11. Nxc4 Be7 12. Ne3 c6 13. Re1 Re8 14. Nxg4
Nxg4 15. Bg3 Qb6 16. h3 Ngf6 17. Ne5 Bb4 18. Re3 Nxe5 19. dxe5 Nd5 20. Re4 Bf8
21. e6 fxe6 22. Be5 Be7 23. Bxg7 Kxg7 24. Rxe6 Bf6 25. Qg4+ Kf8 26. Rxf6+ Nxf6
27. Qf4 Qxb2 28. Qxh6+ Ke7 29. Qg7+ Kd6 30. Rd1 Rad8 31. Bg6+ Kc5 32. Rb1 Rd7
33. Qh6 Qd2 34. Qxd2 Rxd2 35. Bxe8 Nxe8 36. Rxb7 Rxa2 37. h4 a5 38. f3 Nd6 39.
Ra7 Kb6 40. Ra8 Kb7 41. Rd8 Nf5 42. h5 a4 43. Rf8 Nh4 44. Rf4 Rxg2+ 45. Kh1 a3
46. Rxh4 Rb2 0-1

[Event "Pilsen Open 2025 - A INGEM GM Round Robi"]
[Site "Parkhotel Plzen ****, Plzen"]
[Date "2025.03.22"]
[Round "9.4"]
[White "Mattenberger, Matthias"]
[Black "Zhao, Yuanhe"]
[Result "0-1"]
[WhiteElo "2338"]
[BlackElo "2466"]
[PlyCount "118"]
[EventDate "2025.03.15"]

1. d4 Nf6 2. c4 Nc6 3. Nf3 e6 4. a3 d6 5. Nc3 g6 6. e4 Bg7 7. h3 O-O 8. Be3 Re8
9. Be2 e5 10. d5 Nd4 11. Nxd4 exd4 12. Bxd4 Nxe4 13. Bxg7 Kxg7 14. Qd4+ Qf6 15.
Qxf6+ Kxf6 16. Nxe4+ Rxe4 17. Kd2 Bf5 18. f3 Re7 19. g4 Rae8 20. Rh2 Bd7 21. f4
Re3 22. h4 Rb3 23. Rb1 Rg3 24. g5+ Kg7 25. Rf1 Re4 26. Rhf2 Bh3 27. Rh1 Bf5 28.
Kc1 a5 29. Rd1 Bg4 30. Bxg4 Rxg4 31. Rdf1 Rxh4 32. f5 gxf5 33. Rxf5 Re7 34. Kd2
Rxc4 35. Kd3 Rce4 36. R1f2 Re3+ 37. Kc4 c6 38. dxc6 bxc6 39. Rd2 R7e4+ 40. Rd4
d5+ 41. Kc5 Rxd4 42. Kxd4 Re4+ 43. Kc5 Rc4+ 44. Kd6 a4 45. Ke7 Re4+ 46. Kd7 Rc4
47. Rf6 Rc2 48. Ke7 d4 49. Rxf7+ Kg6 50. Rf1 c5 51. Kd6 d3 52. Kd5 d2 53. Rd1
Kxg5 54. Ke4 Rxb2 55. Kd3 Kf4 56. Ra1 Kf3 57. Rf1+ Kg2 58. Ra1 Kf2 59. Rh1 Ra2
0-1

[Event "Pilsen Open 2025 - A INGEM GM Round Robi"]
[Site "Parkhotel Plzen ****, Plzen"]
[Date "2025.03.22"]
[Round "9.5"]
[White "Song, Yuxin"]
[Black "Pacher, Milan"]
[Result "1/2-1/2"]
[WhiteElo "2367"]
[BlackElo "2336"]
[PlyCount "88"]
[EventDate "2025.03.15"]

1. e4 e5 2. Nf3 Nc6 3. Bb5 Nf6 4. O-O Nxe4 5. Re1 Nd6 6. Nxe5 Be7 7. Bf1 Nxe5
8. Rxe5 O-O 9. Nc3 Ne8 10. Nd5 Bd6 11. Re1 c6 12. Ne3 Be7 13. Nf5 Bf6 14. Qe2
d5 15. Ne7+ Bxe7 16. Qxe7 Nd6 17. Qxd8 Rxd8 18. d3 Bd7 19. Bf4 Nf5 20. c3 Re8
21. g3 f6 22. h4 Kf7 23. Bg2 Rxe1+ 24. Rxe1 Re8 25. Kf1 h6 26. Rxe8 Kxe8 27.
Ke2 g5 28. hxg5 hxg5 29. Bb8 a6 30. Ba7 Be6 31. Bc5 Kd7 32. a4 b5 33. a5 Ng7
34. Bf3 Bf5 35. Bd4 Ke7 36. c4 Ne6 37. Bb6 Kd6 38. cxb5 cxb5 39. Ke3 Bg6 40.
Be2 Be8 41. b4 f5 42. f4 g4 43. Bd4 Nxd4 44. Kxd4 Bd7 1/2-1/2

[Event "Pilsen Open 2025 - B INGEM IM Round Robi"]
[Site "Parkhotel Plzen ****, Plzen"]
[Date "2025.03.15"]
[Round "1.1"]
[White "Boehme, Sebastian"]
[Black "Plischki, Sebastian"]
[Result "1/2-1/2"]
[WhiteElo "2271"]
[BlackElo "2311"]
[PlyCount "83"]
[EventDate "2025.03.15"]

1. e4 c5 2. Nf3 d6 3. Bb5+ Bd7 4. Bxd7+ Nxd7 5. O-O Ngf6 6. Qe2 e6 7. b3 g6 8.
Bb2 Bg7 9. c4 O-O 10. d4 d5 11. exd5 exd5 12. dxc5 Re8 13. Qc2 Nxc5 14. Rd1 Qe7
15. Na3 Rad8 16. Re1 Ne6 17. Rad1 dxc4 18. Nxc4 Rxd1 19. Qxd1 Rd8 20. Qa1 Nh5
21. Bxg7 Nhxg7 22. Nce5 h5 23. h3 Qf6 24. Qc1 Nf5 25. Qc4 Nfd4 26. Nxd4 Rxd4
27. Qc8+ Kg7 28. Nf3 Rb4 29. Re3 a5 30. g3 Qd8 31. Qxd8 Nxd8 32. Re7 Kf6 33.
Rd7 Ne6 34. Kf1 a4 35. bxa4 Rxa4 36. Rxb7 Rxa2 37. h4 Rc2 38. Kg2 Rc7 39. Rb6
Kg7 40. Ne5 Nd4 41. Nf3 Nxf3 42. Kxf3 1/2-1/2

[Event "Pilsen Open 2025 - B INGEM IM Round Robi"]
[Site "Parkhotel Plzen ****, Plzen"]
[Date "2025.03.15"]
[Round "1.2"]
[White "Nemitz, Alfred"]
[Black "Arias Gaviria, Mario Alexis"]
[Result "1-0"]
[WhiteElo "2264"]
[BlackElo "2284"]
[PlyCount "119"]
[EventDate "2025.03.15"]

1. d4 Nf6 2. Nf3 g6 3. Bg5 Bg7 4. Nbd2 d5 5. e3 O-O 6. Bd3 a5 7. O-O Na6 8. c3
c5 9. Re1 h6 10. Bxf6 Bxf6 11. Bxa6 Rxa6 12. dxc5 Qc7 13. e4 dxe4 14. Nxe4 Bg7
15. Qe2 e5 16. b4 Be6 17. Qe3 f5 18. Nd6 axb4 19. cxb4 e4 20. Nd4 Bd5 21. a4
Qd7 22. b5 f4 23. Qd2 Rxd6 24. cxd6 Kh7 25. Ne2 Qf5 26. Nxf4 Bxa1 27. Nxd5 Be5
28. Ne3 Qe6 29. Rd1 Rd8 30. d7 Kg7 31. Qd5 Qxd5 32. Rxd5 Bc7 33. Nc4 Kf7 34. b6
Bb8 35. Na5 Ke7 36. Nxb7 Rxd7 37. Rxd7+ Kxd7 38. Nc5+ Kc6 39. Nxe4 Kxb6 40. h4
Be5 41. g3 Bd4 42. Kg2 Ka5 43. Kf3 Kxa4 44. Nd6 Kb4 45. Nf7 h5 46. Nd8 Kc4 47.
Ne6 Be5 48. Nf4 g5 49. hxg5 Bd4 50. g6 Ba1 51. Nxh5 Kd5 52. g7 Bxg7 53. Nxg7
Ke5 54. Kg4 Kf6 55. Nh5+ Kg6 56. f4 Kh6 57. f5 Kh7 58. Kg5 Kg8 59. Kg6 Kh8 60.
g4 1-0

[Event "Pilsen Open 2025 - B INGEM IM Round Robi"]
[Site "Parkhotel Plzen ****, Plzen"]
[Date "2025.03.15"]
[Round "1.3"]
[White "Avadhoot, Lokesh Bhakti Brahme"]
[Black "Keyser, Robin"]
[Result "1-0"]
[WhiteElo "2001"]
[BlackElo "2167"]
[PlyCount "49"]
[EventDate "2025.03.15"]

1. d4 Nf6 2. c4 e6 3. Nf3 d5 4. g3 Be7 5. Bg2 O-O 6. O-O Nbd7 7. Qc2 a5 8. Rd1
h6 9. Nbd2 c5 10. e4 dxc4 11. Nxc4 b5 12. Nce5 Ba6 13. Nc6 Qe8 14. Nxe7+ Qxe7
15. d5 exd5 16. exd5 Rac8 17. Bf4 Rfe8 18. Nh4 g6 19. Bxh6 Ng4 20. d6 Qd8 21.
Bf4 Nge5 22. Bxe5 Rxe5 23. Nxg6 fxg6 24. Qxg6+ Kf8 25. Bd5 1-0

[Event "Pilsen Open 2025 - B INGEM IM Round Robi"]
[Site "Parkhotel Plzen ****, Plzen"]
[Date "2025.03.15"]
[Round "1.4"]
[White "Shatil, Or"]
[Black "Filgueiras, Nathan Felipe"]
[Result "1/2-1/2"]
[WhiteElo "2224"]
[BlackElo "2325"]
[PlyCount "43"]
[EventDate "2025.03.15"]

1. e4 c5 2. Nf3 Nc6 3. Bb5 e5 4. O-O Bd6 5. c3 a6 6. Ba4 b5 7. Bc2 Nge7 8. a4
Rb8 9. axb5 axb5 10. d4 cxd4 11. cxd4 exd4 12. Nxd4 Nxd4 13. Qxd4 Qc7 14. h3
O-O 15. Qd3 Bb4 16. Nc3 Bxc3 17. bxc3 Nc6 18. Ba3 b4 19. cxb4 Nxb4 20. Bxb4
Rxb4 21. Rfb1 Rxb1+ 22. Rxb1 1/2-1/2

[Event "Pilsen Open 2025 - B INGEM IM Round Robi"]
[Site "Parkhotel Plzen ****, Plzen"]
[Date "2025.03.16"]
[Round "2.1"]
[White "Plischki, Sebastian"]
[Black "Michalek, Jan"]
[Result "1/2-1/2"]
[WhiteElo "2311"]
[BlackElo "2229"]
[PlyCount "20"]
[EventDate "2025.03.15"]

1. d4 Nf6 2. c4 d6 3. Nc3 Bf5 4. f3 e5 5. d5 e4 6. g4 Nxg4 7. fxg4 Qh4+ 8. Kd2
e3+ 9. Kxe3 Qg5+ 10. Kf2 Qh4+ 1/2-1/2

[Event "Pilsen Open 2025 - B INGEM IM Round Robi"]
[Site "Parkhotel Plzen ****, Plzen"]
[Date "2025.03.16"]
[Round "2.2"]
[White "Filgueiras, Nathan Felipe"]
[Black "Vaculik, Jakub"]
[Result "1-0"]
[WhiteElo "2325"]
[BlackElo "2259"]
[PlyCount "75"]
[EventDate "2025.03.15"]

1. e4 e6 2. d4 d5 3. e5 c5 4. c3 Ne7 5. Na3 a6 6. Nf3 Nd7 7. Nc2 Nc6 8. Be2 b5
9. h4 b4 10. h5 a5 11. Bg5 Be7 12. Bxe7 Qxe7 13. Rh3 Ba6 14. Rg3 g6 15. Qd2
Bxe2 16. Kxe2 Nb6 17. Ne3 a4 18. Rh1 cxd4 19. cxd4 Kd7 20. Qd3 Kc7 21. Rgh3
Rhc8 22. hxg6 hxg6 23. Rh7 Kb7 24. R1h6 Rc7 25. Rxg6 fxg6 26. Rxe7 Nxe7 27. Ng5
Rc6 28. Qb5 b3 29. axb3 axb3 30. Nf7 Nf5 31. Nxf5 gxf5 32. Qxb3 Rc1 33. Qb4 Ra2
34. Nd8+ Ka6 35. Qb3 Raa1 36. Nxe6 Nc4 37. Nc5+ Ka5 38. Nd3 1-0

[Event "Pilsen Open 2025 - B INGEM IM Round Robi"]
[Site "Parkhotel Plzen ****, Plzen"]
[Date "2025.03.16"]
[Round "2.3"]
[White "Keyser, Robin"]
[Black "Shatil, Or"]
[Result "0-1"]
[WhiteElo "2167"]
[BlackElo "2224"]
[PlyCount "104"]
[EventDate "2025.03.15"]

1. e4 c5 2. d4 cxd4 3. Qxd4 Nc6 4. Qd3 d6 5. Nc3 g6 6. Nf3 Bg7 7. Be2 Nf6 8.
O-O O-O 9. Nd5 Nxd5 10. exd5 Bf5 11. Qd1 Nb4 12. c3 Nc2 13. g4 Nxa1 14. gxf5
Qa5 15. Be3 Qxa2 16. Qxa1 Qxd5 17. fxg6 hxg6 18. Rd1 Qf5 19. Qa4 Bf6 20. Nd4
Qh3 21. Nc2 Kg7 22. Qg4 Rh8 23. Qxh3 Rxh3 24. Bf1 Rh5 25. Nb4 e6 26. Rxd6 Rxh2
27. Rd7 Rh4 28. Bg2 Rd8 29. Rxd8 Bxd8 30. Bxb7 Bb6 31. b3 Bxe3 32. fxe3 a5 33.
Na2 Rh3 34. Kf2 Rh8 35. Bf3 Rb8 36. Nc1 Kf6 37. c4 Ke7 38. e4 Kd6 39. Ke3 e5
40. Bg4 f6 41. Kd2 Rh8 42. Nd3 Rh4 43. c5+ Kc7 44. Be6 Rxe4 45. Bf7 g5 46. Be8
g4 47. Bg6 Rd4 48. Ke3 g3 49. Bf5 g2 50. Kf2 e4 51. Ne1 Rd2+ 52. Kg1 Rd1 0-1